Accounting Information Systems: Transaction Processing and Controls (Record no. 1644)
[ view plain ]
| 000 -LEADER | |
|---|---|
| fixed length control field | 00669nam a2200217Ii 4500 |
| 003 - CONTROL NUMBER IDENTIFIER | |
| control field | JO-AjNU |
| 008 - FIXED-LENGTH DATA ELEMENTS--GENERAL INFORMATION | |
| fixed length control field | 230606s9999||||xx |||||||||||||| ||und|| |
| 020 ## - INTERNATIONAL STANDARD BOOK NUMBER | |
| International Standard Book Number | 0-256-16680-3 |
| 040 ## - CATALOGING SOURCE | |
| Original cataloging agency | JO-AjNU |
| Language of cataloging | eng |
| Description conventions | rda |
| Transcribing agency | JO-AjNU |
| 041 ## - LANGUAGE CODE | |
| Language code of text/sound track or separate title | eng |
| 050 14 - LIBRARY OF CONGRESS CALL NUMBER | |
| Classification number | HF5679.B597 1996 |
| 100 3# - MAIN ENTRY--PERSONAL NAME | |
| Personal name | Boockholdot,J.L, |
| Relator term | author |
| 9 (RLIN) | 3137 |
| 245 00 - TITLE STATEMENT | |
| Title | Accounting Information Systems: Transaction Processing and Controls |
| 250 ## - EDITION STATEMENT | |
| Edition statement | ed4 |
| 264 31 - PRODUCTION, PUBLICATION, DISTRIBUTION, MANUFACTURE, AND COPYRIGHT NOTICE | |
| Place of production, publication, distribution, manufacture | Chicago: Irwin, 1996 |
| 300 ## - PHYSICAL DESCRIPTION | |
| Extent | 896p |
| Other physical details | Includes indexes(p891-896) |
| 336 ## - CONTENT TYPE | |
| Content type term | text |
| Content type code | txt |
| Source | rdacontent |
| 337 ## - MEDIA TYPE | |
| Media type term | unmediated |
| Media type code | n |
| Source | rdamedia |
| 338 ## - CARRIER TYPE | |
| Carrier type term | volume |
| Carrier type code | nc |
| Source | rdacarrier |
| 650 #4 - SUBJECT ADDED ENTRY--TOPICAL TERM | |
| Topical term or geographic name entry element | Accounting Information Systems |
| 9 (RLIN) | 3138 |
| Withdrawn status | Lost status | Source of classification or shelving scheme | Damaged status | Not for loan | Home library | Current library | Shelving location | Date acquired | Total Checkouts | Full call number | Barcode | Date last seen | Price effective from | Koha item type |
|---|---|---|---|---|---|---|---|---|---|---|---|---|---|---|
| Library of Congress Classification | مكتبة جامعة عجلون الوطنية | مكتبة جامعة عجلون الوطنية | المجموعات العامة | 06/06/2023 | HF5679.B597 1996 | E1644 | 06/06/2023 | 06/06/2023 | Books |